MDQL
is popping MORE tags! Check the
thread
!
Quizzes
Events
Quiz Creation
Community
Videos
Private Events
Remove Ads
Sign In
Join for FREE
Feedback
Dark Mode
Quiz Categories
Sports
Geography
Music
Movies
Television
Just For Fun
Miscellaneous
History
Literature
Language
Science
Gaming
Entertainment
Religion
Holiday
For Kids
Quiz Lab
Recent
Popular Today
Quiz Kudos Today
Editor Picks
Curator Picks
Quizzes by...
Day
Popularity
Type
Ratings
Length
Year
Community
Subscriptions
Recent Discussions
Orange Saloon
Badges
Playlists
Quests
Create
Leaderboards
Showdown
Live 5
Trivia Bingo
Activity
Puzzle Library
Sporcle Events
Private Events
Virtual Trivia
Globe League
Become a Host
Pub Owners
SporcleCon
Opinionation
Our Games
Videos
Blog
Mobile Apps
Partnerships
Remove Ads and Go Orange
Feedback
Television
TV Characters
TV Show
Sitcom
Network
Friends
Reality Shows
Cast
South Park
Star Trek
The Simpsons
Doctor Who
Television
TV Characters
TV Show
Sitcom
Network
Friends
Reality Shows
Cast
South Park
Star Trek
The Simpsons
Doctor Who
Random Quiz
Search Sporcle
×
Quiz Lab
Quiz Lab
Television
theme
Type in answers that appear in a list
Type in answers that appear in a list
Classic
Best Score? Go Orange.
UK TV Themes from the 80s Stats
Can you name the UK TV Themes from the 80s?
By
Dukelive
10m
30 Questions
635 Plays
635 Plays
635 Plays
Comments
Comments
Give Quiz Kudos
Give Quiz Kudos
-
- Ratings
hide this ad
More Info
Replay
Link that replays current quiz
Next Quiz
Link to next quiz in quiz playlist
You Got
0%
They Got
Avg Score
49%
Avg Friend Score
Upgrade to see
Score Distribution
Jump to the score distribution portion of the page
Score
0/30
Timer
10:00
0
Plays Today
Track
TV Programme
% Correct
11
Rainbow
86.3%
2
Thomas The Tank Engine
85.4%
1
Jim'll Fix It
81.4%
7
Grandstand
79.8%
17
Minder
79.2%
14
The Crystal Maze
76.2%
10
Blockbusters
73.7%
4
Roobarb & Custard
72.8%
19
Crossroads
72.1%
15
Playschool
71.2%
24
Dangermouse
65.4%
13
Mr Benn
65.2%
5
Krypton Factor
60%
23
Bread
57.6%
20
Treasure Hunt
45%
Track
TV Programme
% Correct
30
Only When I Laugh
42.7%
22
Bod
41.9%
28
Just Good Friends
39.5%
18
Brush Strokes
37%
16
Mr Men
33.9%
8
Whose Line Is It Anyway
33.4%
12
Juliet Bravo
33.2%
29
Ivor The Engine
31.2%
3
Kick Start
23.1%
9
The Sooty Show
22%
26
Robin of Sherwood
18.7%
25
Worzel Gummidge
17.6%
6
Dempsey & Makepeace
17.5%
27
The Two Of Us
12%
21
Not The 9 O Clock News
7.1%
Quiz Playlist
Details
Report
Send in Message
Add To Playlist
More Info:
The TV programmes were based in the UK and, although may have been written and/or aired before, were popular in the 1980s.
Classic:
Type in answers that appear in a list
Last Updated: Aug 1, 2017
Quiz Scoreboard
CHALLENGE
Sign Up to Join the Scoreboard
Show All
Scores
Hide
Comments
May contain spoilers
Recently Published
Find the 'City' Movie
by crazypaving
Movies
60s
5x2 Blitz: Bands
by SL_Kpop136
Music
30s
Colored Red Africa Blitz
by spor1
Geography
30s
More to Explore
Quiz From the Vault
Featured Blog Post
14 Easter Pick-up Lines to Find Eggs With
hide this ad
You Might Also Like...
Tags
1980s
program
theme
track
Today's Top Quizzes in Television
Browse Television
hide this ad
Today's Top Quizzes in theme
Browse theme
Top Contributed Quizzes in Television
1
Survivor Journey Challenge
2
Brooklyn Nine Nine Logic Puzzle (How-To-Play)
3
Total Drama Characters
4
Phoebe Buffay Quotes
5
Survivor Trivia
6
Survivor Logic Puzzle: Heroes vs. Villains
7
Emmerdale Characters (from August 2012)
8
One Tree Hill Logic Puzzle
9
Adjectives in 00s TV Shows
10
All US Survivor Seasons in Order
Explore More
Trending Topics
Crossword
Marvel
Disney
NBA
Anime
Kpop
Harry Potter
NFL
Song
The Office
Country
Pokémon
Puzzle
WWE
Soccer
hide this ad
More By:
Dukelive
Quiz
Plays
Rating
Category
Featured
Created
50 Greatest Tottenham Hotspur Players
1,588
5.00
Sports
Feb 15, 2012
England Tournament Squads by Shirt Number (1-11)
1,448
3.60
Sports
Apr 28, 2013
Formula 1 Points Scorers in 3 Decades
1,440
5.00
Sports
Jan 6, 2013
UK TV Themes from the 80s
635
2.75
Television
Feb 19, 2012
Top England International Goalscorer by Calendar Year
631
4.20
Sports
Apr 24, 2013
Go to Creator's Profile
Score Distribution
Quiz Creator Spotlight
Dukelive
Follow
Send a Message
Quizzes Created
-
Created Quiz Play Count
-
More By This Creator
Popular Quizzes Today
1
Colored Red Africa Blitz
2
Find the 'City' Movie
3
Find the US States - No Outlines Minefield
4
5x2 Blitz: Bands
5
The Countries of the World
6
Find the US States
7
US States
8
Find the Countries of Europe - No Outlines Minefield
More Television Quizzes
TV at Their Desk
Published
Trending Quizzes
Colored Red Europe Blitz I
Colored Red Europe Blitz II
Colored Red Africa Blitz II
Colored Red Europe Blitz III
Colored Red Africa Blitz III
Recently Updated
How Do You Spell That?
pecheneg
Godzilla Movies
pecheneg
Grab Bag: 4-10 Letters
pecheneg
2024 March Madness Bracket
pecheneg
Famous TV Couples
Peacemaker
Champions League XIs: Real Madrid
pecheneg
Largest US Cities 1790-2010
pecheneg
Rides in Walt Disney World
pecheneg
Most Oscar Losses (Acting)
pecheneg
Beyoncé Albums
pecheneg
Trending Topics
Anime
NBA
Crossword
Disney
Kpop
Marvel
Harry Potter
NFL
Soccer
WWE
Pokémon
Song
Puzzle
The Office
Country
Your Account Isn't Verified!
In order to create a playlist on Sporcle, you need to verify the email address you used during registration. Go to your
Sporcle Settings
to finish the process.
Report this User
Report this user for behavior that violates our
Community Guidelines
.
Details:
Send Report
Go to the Sporcle.com Mobile Site →
Comments